[Event "FRA-chT3"]
[White "Barreau, Christian"]
[Black "Bordi, Kevin Claude"]
[Site "France"]
[Round "6"]
[Result "1-0"]
[Date "2001.??.??"]
[WhiteElo "2050"]
[BlackElo "2095"]
[PlyCount "72"]
[EventDate "2001.??.??"]
[EventType "team-tourn"]
[EventRounds "9"]
[EventCountry "FRA"]
[SourceTitle "EXT 2003"]
[Source "ChessBase"]
[SourceDate "2002.11.25"]
[SourceVersion "1"]
[SourceVersionDate "2002.11.25"]
[SourceQuality "1"]

1. d4 d5 2. Nf3 c6 3. Bf4 Nf6 4. c3 Qb6 5. Qb3 Qxb3 6. axb3 Bf5 7. Nbd2 Nbd7 8. Nh4 Be6 9. h3 Ne4 10. Nhf3 Ndf6 11. e3 Nxd2 12. Nxd2 a6 13. b4 Rd8 14. Nb3 Ne4 15. f3 Nd6 16. Nc5 Bc8 17. Bd3 g6 18. e4 Bg7 19. e5 Nf5 20. e6 Nd6 21. exf7+ Kxf7 22. 0-0 Rde8 23. Rae1 Nf5 24. g4 Nxd4 25. cxd4 Bxd4+ 26. Kg2 e5 27. Bc1 a5 28. Nb3 axb4 29. Nxd4 exd4 30. Bd2 c5 31. Bb5 Rxe1 32. Rxe1 Be6 33. Ra1 Bc8 34. Ra5 Ke6 35. Ba4 b6 36. Ra8 Rf8 1-0

[Event "FRA-chT3"]
[White "Gentilleau, Jean Philippe"]
[Black "Barreau, Christian"]
[Site "France"]
[Round "9"]
[Result "1/2-1/2"]
[Date "2001.??.??"]
[WhiteElo "2185"]
[BlackElo "2050"]
[PlyCount "40"]
[EventDate "2001.??.??"]
[EventType "team-tourn"]
[EventRounds "9"]
[EventCountry "FRA"]
[SourceTitle "EXT 2003"]
[Source "ChessBase"]
[SourceDate "2002.11.25"]
[SourceVersion "1"]
[SourceVersionDate "2002.11.25"]
[SourceQuality "1"]

1. Nf3 Nf6 2. c4 c6 3. d4 d5 4. e3 Qb6 5. Nc3 Bf5 6. Be2 h6 7. 0-0 e6 8. Nd2 Be7 9. b3 0-0 10. Bb2 Nbd7 11. c5 Qc7 12. f4 b6 13. b4 Rab8 14. Nb3 Ne4 15. Nxe4 Bxe4 16. Bd3 Bxd3 17. Qxd3 bxc5 18. bxc5 f5 19. Bc3 Rb5 20. Rab1 Rfb8 1/2-1/2